000 00717nam a2200205 i 4500
001 83094
003 ES-MaACL
005 20230906174758.0
007 t|
008 041115s1976 sp ||||1| lat d
245 0 0 _aIndex seminum quae hortus acclimatationis plantarium arautapae pro mutua commutatione offert /
_cAgrariarum Investigationum Nationale Hispanicum Institutum.
260 _aMadrid :
_bI.N.I.A.,
_c1976.
300 _a68 p. :
_bil. ;
_c21 cm.
490 1 _aCatálogos INIA
650 4 _aSemillas-
_vCatálogos.
_9159141
710 2 _aInstituto Nacional de Investigaciones Agrarias (España)
_95168
830 0 _aCatálogos INIA
_9183769
852 _aES-MaACL
_jA-7596
_bR.96767
999 _c83094
_d83094